Vybrané aspekty optimalizácie zdanenia diplomová práca

Saved in:
Bibliographic Details
Main Author: Malíková, Sláva
Corporate Author: Fakulta podnikového manažmentu EU. Katedra podnikových financií
Other Authors: Ďurinová, Ivona, 1964-
Format: Book
Language:Slovak
Published: Bratislava 2009
Tags: Add Tag
No Tags, Be the first to tag this record!

MARC

LEADER 00000nam$a2200000$$$4500
001 0101477
005 20240319124648.5
041 0 |a slo 
044 |a SK 
245 1 0 |a Vybrané aspekty optimalizácie zdanenia  |b diplomová práca  |c Sláva Malíková ; škol. Ivona Ďurinová 
264 1 |a Bratislava  |c 2009 
300 |a 100 s. 
100 1 |a Malíková, Sláva 
700 1 |a Ďurinová, Ivona, 1964- 
710 2 |a Fakulta podnikového manažmentu EU. Katedra podnikových financií